01600cam a22003011 4500001001300000003000400013005001700017008004100034010001700075035001900092040002600111050002700137100002600164245015300190260016200343300002300505490006400528500001600592500018100608501022000789504002901009650003901038700004701077710004101124710004901165830006701214999001701281hew64000127 DLC20260227111513.0760512s1964 dcu b 000 0 eng  ahew64000127  a(OCoLC)2171141 aDLCcPCoRdOCoLCdDLC00aL111b.A6 1964, no. 361 aSchult, Veryl,d1906-10aInservice mathematics education:bpromising practices for elementary and secondary school teachers,cprepared by Veryl Schult and Theodore L. Abell. a[Washington]bU.S. Dept. of Health, Education, and Welfare, Office of Education; [for sale by the Superintendent of Documents, U.S. Govt. Print. Off.,c1964] avi, 129 p.c24 cm.1 aUnited States. Office of Education. Bulletin,v1964, no. 36 a"OE-29056." a"Report of a conference held under the joint auspices of the U. S. Office of Education and the National Council of Teachers of Mathematics, Washington, D. C., March 7-8, 1963." aCopies 1 and 2 with: Education in Peru / Adela R. Freeburger and Charles E. Hauch. Washington : U.S. Dept. of Health, Education, and Welfare, Office of Education, 1964. Bound together subsequent to publication.5DLC aBibliography: p. 125-129 0aMathematics teachersxTraining of.1 aAbell, Theodore Lee,d1907-ejoint author.1 aUnited States.bOffice of Education.2 aNational Council of Teachers of Mathematics. 0aBulletin (United States. Office of Education) ;v1964, no. 36. c34507d34507